000 03045cam a22005414i 4500
003 PE-LiUPU
005 20260407114906.0
008 150625s2003 sp rb 000 0 spa d
020 _a8482673653
035 _a(Sirsi) i9788482673653
040 _aPE-LiUPU
_bspa
_cPE-LiUPU
_erda
049 _aPRUA
082 0 4 _a261.51
_bR83
_221
100 1 _aRopero, Alfonso,
_eautor.
245 1 0 _aIntroducción a la filosofía :
_buna perspectiva cristiana /
_cAlfonso Ropero.
250 _a3a. edición.
264 1 _aBarcelona, España :
_bEditorial Clie,
_c2003.
300 _a734 páginas ;
_c21 centímetros
336 _atext
_2rdacontent
337 _aunmediated
_2rdamedia
338 _avolume
_2rdacarrier
504 _aIncluye bibliografía.
505 0 _aAlbores de la filosofía cristiana -- La primera escuela de filosofía cristiana -- El despegue de la filosofía cristiana -- La filosofía en la edad media -- Tiempo de reformas -- Filosofía de la reforma -- Ilustrados, críticos e idealistas -- Tiempos modernos -- Materia, mente y espíritu -- La situación contemporánea.
526 _aSEG42
526 _aSEG41
526 _aSEG40
526 _aSEG39
526 _aP94
526 _aP87
526 _aP86
526 _aP85
526 _aP77
526 _aP76
526 _aP35
541 _g003-0003441;
650 0 0 _aFilosofía cristiana
_95133
942 _2ddc
_cBOOK
949 _a261.51 R83
_wDEWEY
_c1
_i57664
_d2015-9-1
_e2015-8-31
_lCCODEBUL1
_mBUL
_n1
_p22.00
_r0
_sY
_tBOOK
_u2015-6-25
_xTEOLOGIA
_zUNKNOWN
_0COMPRA
_o.CIRCNOTE. No olvidar cambiar la fecha de devolución!!!!!!!
_o.STAFF. Colección General
949 _a261.51 R83
_wDEWEY
_c2
_i55133
_lCCODEBUL1
_mBUL
_p14.00
_r0
_sY
_tBOOK
_u2015-6-25
_xTEOLOGIA
_zUNKNOWN
_0COMPRA
_o.CIRCNOTE. No olvidar cambiar la fecha de devolución!!!!!!!
_o.STAFF. Colección General
949 _aPGT 261.51 R83
_wDEWEY
_c1
_i71900
_d2016-8-28
_e2016-8-21
_lCCODEBUL1
_mBUL
_n3
_p25.00
_q1
_r0
_sY
_tBOOK
_u2015-8-25
_xTEOLOGIA
_PP85
_0COMPRA
_o.CIRCNOTE. No olvidar cambiar la fecha de devolución!!!!!!!
_o.STAFF. Posgrado
994 _aC0
_bPEPRU
596 _a1
999 _a261.51 R83
_wDEWEY
_c43755
_i57664
_d43755
_e2015-8-31
_f2021-11-10
_g5
_lCCODEBUL1
_mBUL
_n1
_p22.00
_q2
_r0
_sY
_tBOOK
_u2015-6-25
_xTEOLOGIA
_PP35
_0COMPRA
_o.CIRCNOTE. No olvidar cambiar la fecha de devolución!!!!!!!
_o.STAFF. Colección Teología
999 _a261.51 R83
_wDEWEY
_c2
_i55133
_d2019-6-4
_e2017-11-24
_f2021-11-10
_g6
_lCCODEBUL1
_mBUL
_n1
_p14.00
_q1
_r0
_sY
_tBOOK
_u2015-6-25
_xTEOLOGIA
_PP35
_0COMPRA
_o.CIRCNOTE. No olvidar cambiar la fecha de devolución!!!!!!!
_o.STAFF. Colección Teología
999 _aPGT 261.51 R83
_wDEWEY
_c1
_i71900
_d2019-6-7
_e2016-8-21
_f2021-11-10
_g5
_lCCODEBUL1
_mBUL
_n3
_p25.00
_q3
_r0
_sY
_tBOOK
_u2015-8-25
_xTEOLOGIA
_PP85
_0COMPRA
_o.CIRCNOTE. No olvidar cambiar la fecha de devolución!!!!!!!
_o.STAFF. Colección Teología
980 _818226
_gJaime Vilcazán Jefe de Análisis Documental